LEADER 01024nam--2200349---450- 001 990000532260203316 005 20090408122053.0 010 $a88-8233-171-7 035 $a0053226 035 $aUSA010053226 035 $a(ALEPH)000053226USA01 035 $a0053226 100 $a20010629d2001----km-y0itay0103----ba 101 $aita 102 $aIT 105 $a||||||||001yy 200 1 $aTenere la contabilità$eedizione 2001$fDaniele Balducci 210 $aMilano$cFAG$dcopyr.2001 215 $a652 p.$d24 cm 606 0 $aAziende$xTributi$xContabilità$xGuide pratiche 676 $a657.63 700 1$aBALDUCCI,$bDaniele$0279469 912 $a990000532260203316 951 $a657.63 BAL 1 (IRA 25 391)$b9519 E.C.$cIRA 25$d00074942 959 $aBK 969 $aECO 979 $aPAOLA$b40$c20010629$lUSA01$h1405 979 $c20020403$lUSA01$h1702 979 $aPATRY$b90$c20040406$lUSA01$h1637 979 $aRSIAV4$b90$c20090408$lUSA01$h1220 996 $aTenere la contabilità$9886464 997 $aUNISA LEADER 00534nam 2200157z- 450 001 9910773573903321 035 $a(CKB)5470000003674993 035 $a(EXLCZ)995470000003674993 100 $a20231017c2023uuuu -u- - 101 0 $aeng 200 10$aNorthern Ireland: The Peace Process, Ongoing Challenges, and U.S. Interests (R46259) [2023] 517 $aNorthern Ireland 906 $aBOOK 912 $a9910773573903321 996 $aNorthern Ireland: The Peace Process, Ongoing Challenges, and U.S. Interests (R46259)$93666830 997 $aUNINA